| 000 | 01076nam a2200205Ia 4500 | ||
|---|---|---|---|
| 999 |
_c47201 _d47201 |
||
| 001 | 14061 | ||
| 003 | GE_BSU | ||
| 005 | 20190628205033.0 | ||
| 008 | 181216s1969|||| |||||||||||||| ||geo|| | ||
| 041 | _ageo | ||
| 080 | _a621.7 გ-73 | ||
| 100 |
_aგოშაძე, გ. _93113 |
||
| 245 |
_aმანქანებისა და მოწყობილობების საიმედობა და ხანგამძლეობა / _cგ. გოშაძე ; ბ. ვაინშტეინი ; რედ : ნ. ფავლენიშვილი. |
||
| 264 |
_aთბილისი : _bსაბჭოთა საქართველო, _c1969. |
||
| 300 |
_a188 გვ.: _bცხრ. _c22 სმ. |
||
| 653 | _aმანქანებისა და მოწყობილობების საიმედობა და ხანგამძლეობა | ||
| 700 |
_aვაინშტეინი, ბ _93114 |
||
| 700 |
_aფავლენიშვილი, ნ _eრედაქტორი _93115 |
||
| 942 |
_cBK _2udc |
||